000 01177nam a2200241 i 4500
001 189568
003 ES-MaACL
005 20250818063118.0
008 190619s1853 fr f |||| | fre d
100 1 _aVerneuil, Édouard de,
_d1805-1873
_9114176
245 1 0 _aCoup d'oeil sur la constitution géologique de plusieurs provinces de l'Espagne /
_cpar MM. de Verneuil et Collomb ; suivi d'une description de quelques ossements fossiles du terrain miocène / par Paul Gervais.
260 _aParis :
_bImp. de L. Martinet,
_c1853.
300 _a107 p., [5] h. de lám. pleg. ;
_c28 cm.
595 _aExtrait du Bulletin de la Société Géologique de France, 2e série, t. X, 1853.
650 0 4 _aGeología-
_zEspaña.
_9138819
650 4 _aAnimales fósiles-
_zEspaña.
_9167373
700 1 _aCollomb, Edouard.
_939750
700 1 _aGervais, Paul.
_956512
710 2 _aSociété Géologique de France.
_96859
852 _aES-MaACL
_jL-32448(1)
_z- Enc. cart.
_z. - Legado Federico de Botella y de Hornos
_z- Enc. en un vol. facticio, con tít. en el lomo de: España, geología: memorias varias, 1
852 _aES-MaACL
_jT-994-F-1
999 _c189568
_d189568